|
|
|
|
| LEADER |
01626nam a2200409 i 4500 |
| 001 |
EBC4669723 |
| 003 |
MiAaPQ |
| 005 |
20200520144314.0 |
| 006 |
m o d | |
| 007 |
cr cnu|||||||| |
| 008 |
160921r19731969onc o 001 0 eng d |
| 020 |
|
|
|z 9780802062109
|
| 020 |
|
|
|a 9781442664593
|q (electronic bk.)
|
| 035 |
|
|
|a (MiAaPQ)EBC4669723
|
| 035 |
|
|
|a (Au-PeEL)EBL4669723
|
| 035 |
|
|
|a (CaPaEBR)ebr11256245
|
| 035 |
|
|
|a (OCoLC)958514386
|
| 040 |
|
|
|a MiAaPQ
|b eng
|e rda
|e pn
|c MiAaPQ
|d MiAaPQ
|
| 043 |
|
|
|a n-cn---
|
| 050 |
|
4 |
|a HE8699.C2
|b .P447 1973
|
| 082 |
0 |
|
|a 384.54/0971
|
| 100 |
1 |
|
|a Peers, Frank W.,
|d 1918-
|e author.
|
| 245 |
1 |
4 |
|a The politics of Canadian broadcasting, 1920-1951 /
|c Frank W. Peers.
|
| 264 |
|
1 |
|a Toronto, [Ontario] :
|b University of Toronto Press,
|c 1973.
|
| 264 |
|
4 |
|c 1969
|
| 300 |
|
|
|a 1 online resource (475 pages)
|
| 336 |
|
|
|a text
|2 rdacontent
|
| 337 |
|
|
|a computer
|2 rdamedia
|
| 338 |
|
|
|a online resource
|2 rdacarrier
|
| 500 |
|
|
|a Includes index.
|
| 588 |
|
|
|a Description based on print version record.
|
| 590 |
|
|
|a Electronic reproduction. Ann Arbor, MI : ProQuest, 2016. Available via World Wide Web. Access may be limited to ProQuest affiliated libraries.
|
| 650 |
|
0 |
|a Radio broadcasting
|z Canada.
|
| 655 |
|
4 |
|a Electronic books.
|
| 776 |
0 |
8 |
|i Print version:
|a Peers, Frank W. 1918-
|t Politics of Canadian broadcasting, 1920-1951.
|d Toronto, [Ontario] : University of Toronto Press, 1973, c1969
|h 466 pages
|z 9780802062109
|w 78430275
|
| 797 |
2 |
|
|a ProQuest (Firm)
|
| 856 |
4 |
0 |
|u https://ebookcentral.proquest.com/lib/matrademy/detail.action?docID=4669723
|z Click to View
|